000 01278cam a22003257a 4500
003 CHAP
005 20220329133319.0
008 971013s1990 r 00010 d
010 _a4771
011 _a5743
035 _a4958
040 _cCHAP
082 _a630.83
_bI53 Ags.
110 _aInstituto Nacional de Estadística, Geografía e Informática. México
_959304
245 0 _aAtlas ejidal del estado de Aguascalientes; encuesta nacional agropecuaria y ejidal, 1988
260 _aMéxico, D. F. :
_bEl Instituto,
_c1990
300 _a49 p.
_b; mapas
590 _aBATCH-UPD
_b10
_c20130110
_lUCH01
_h2127
590 _aBATCH-UPD
_b10
_c20130410
_lUCH01
_h1437
590 _aBATCH-UPD
_b10
_c20130914
_lUCH01
_h1331
590 _aCONVERSION
_b10
_c20130109
_lUCH01
_h1304
650 1 4 _aAgricultura
_xEstadisticas
_zAguascalientes.
_91444
650 1 4 _aEjidos
_xAguascalientes.
_936003
650 1 4 _aGanadería
_xEstadísticas
_zAguascalientes.
_944703
901 _aBK
942 _cLIBRO
949 _a630.83 I53 Ags.
_bBC
_cINEGI
_d33724000567061
_eINEGI
_h80642
_i4958
_si
_t10.50
949 _a630.83 I53 Ags.
_bBC
_cINEGI
_d33724000567285
_eINEGI
_fc.2
_gI. c/e
_h80642
_i4958
_si
_t10.50
949 _a630.83 I53 Ags.
_bBC
_cINEGI
_d33724000567400
_eINEGI
_fc.3
_gI. c/e
_h80643
_i4958
_si
_t10.50
999 _c4771
_d4771